000 00930nam a2200265Ia 4500
003 OSt
005 20220918110805.0
006 a|||||r|||| 00| 0
007 ta
008 220915b |||||||| |||| 00| 0 hin d
020 _c200
024 _a530
037 _b448, 19/03/2008, Swaraj Prakashan
_cReference Collections
040 _aARTS
_cARTS
_bhin
041 _2hin
_ahin
082 _aO152,3N12w,1, P4-.3(RR)
100 _aविष्णु प्रभाकर
245 0 _aऔर पंछी उड़ गया
246 _aAur panchhī uड़ gayā
260 _aदिल्ली
_bराजपाल भारत
_c2004
300 _a204पृ0
490 _aएक दिशाहीन सफ़र - 3
942 _hO152,3N12w,1, P4-.3(RR)
_cREF
999 _c114770
_d114770